Một vài suy nghĩ về con người trong văn xuôi thời kì đổi mới /
保存先:
| 第一著者: | |
|---|---|
| フォーマット: | 論文 |
| 言語: | Vietnamese |
| 主題: | |
| タグ: |
タグ追加
タグなし, このレコードへの初めてのタグを付けませんか!
|
| Thư viện lưu trữ: | Thư viện Trường Đại học Đà Lạt |
|---|
| LEADER | 00781nam a2200265 4500 | ||
|---|---|---|---|
| 001 | DLU040027507 | ||
| 040 | # | # | |a DLU |b vie |
| 041 | # | # | |a vie |
| 044 | # | # | |a vn |
| 100 | # | # | |a Tôn Phương Lan |
| 245 | # | # | |a Một vài suy nghĩ về con người trong văn xuôi thời kì đổi mới / |c Tôn Phương Lan |
| 653 | # | # | |a Con người |
| 653 | # | # | |a Văn xuôi |
| 653 | # | # | |a Văn xuôi hiện đại |
| 773 | # | # | |a Tạp chí Văn học. |g Số 9(355) tháng 9 - 2001, tr. 43 - 48 |
| 920 | # | # | |a Phòng Tạp chí -- Trung tâm Thông tin - Thư viện Trường Đại học Đà Lạt |
| 933 | # | # | |a NV |
| 994 | # | # | |a DLU |
| 900 | # | # | |a True |
| 911 | # | # | |a Nguyễn Năng Hải |
| 925 | # | # | |a G |
| 926 | # | # | |a A |
| 927 | # | # | |a BB |
| 980 | # | # | |a Thư viện Trường Đại học Đà Lạt |